| 000 | 005580000a22001810004500 | ||
|---|---|---|---|
| 003 | MACL | ||
| 005 | 20160128155644.0 | ||
| 008 | 160128b xxu||||| |||| 00| 0 eng d | ||
| 040 |
_aMACL _cmalc |
||
| 041 | _aHindi | ||
| 082 | _a310/JAI | ||
| 100 |
_aजैन डॉ. पी. के _934990 |
||
| 245 | _aपी. एस. सी. प्रारम्भिपक परीक्षा | ||
| 260 |
_bउपकार प्रकाशन _aआगरा |
||
| 350 | _a95 | ||
| 650 |
_aCollections Of General Stastics _934991 |
||
| 942 |
_cHIN _k310/JAI _2ddc |
||
| 999 |
_c30482 _d30482 |
||